|
|
|
|
| LEADER |
01129nam a22003017a 4500 |
| 001 |
41188 |
| 003 |
BD-DhAAL |
| 005 |
20250420154854.0 |
| 008 |
230507t2004 ko a|||| |||| 00| 0 kor d |
| 020 |
|
|
|a 9788984052574
|
| 020 |
|
|
|a 754429482X
|
| 040 |
|
|
|a BD-DhAAL
|d BD-DhAAL
|
| 041 |
|
|
|a kor
|
| 082 |
|
|
|a 808.042
|
| 100 |
|
|
|a Minto, Barbara
|9 54125
|
| 245 |
|
|
|a The Minto Pyramid Principle /
|c Barbara Minto
|
| 260 |
|
|
|a Seoul, korea :
|b Nanhai publishing company,
|c 2004
|
| 300 |
|
|
|a 359 pages :
|b illustrations ;
|c 25 cm.
|
| 541 |
|
|
|a Complimentary copy from Dr. Sang Hoon Lee, Dean of Brac Business School, Brac University.
|e 41188
|
| 650 |
|
|
|a English language
|x Rhetoric.
|
| 650 |
|
|
|a English language
|x Business English.
|
| 650 |
|
|
|a Language and logic.
|9 54126
|
| 650 |
|
|
|a Thought and thinking.
|
| 650 |
|
|
|a Business writing.
|
| 852 |
|
|
|a Ayesha Abed Library
|c General Stacks
|
| 942 |
|
|
|2 ddc
|c BK
|
| 999 |
|
|
|c 45719
|d 45719
|
| 952 |
|
|
|0 0
|1 0
|2 ddc
|4 0
|6 808_042000000000000_MIN
|7 0
|9 73596
|a BRACUL
|b BRACUL
|c GEN
|d 2023-05-07
|e Complimentary copy from Dr. Sang Hoon Lee
|l 0
|o 808.042 MIN
|p 3010041188
|r 2023-05-07
|t 1
|w 2023-05-07
|y BK
|